| 000 | 00915nam a2200265 i 4500 | ||
|---|---|---|---|
| 001 | 6388 | ||
| 003 | ES-MaACL | ||
| 005 | 20231103062524.0 | ||
| 007 | t| | ||
| 008 | 891009s1968 fr ||||1| fre d | ||
| 080 | _a92 Guenot, Nicolas | ||
| 080 | _a9(44)"1789/1799" | ||
| 100 | 1 |
_aHohl, Claude. _963985 |
|
| 245 | 1 | 3 |
_aUn Agent du Comite de surete generale _b: Nicolas Guenot / _cClaude Hohl. |
| 260 |
_aParis : _bBibliotheque Nationale, Commission d'Histoire economique et sociale de la Revolution francaise, _c1968. |
||
| 300 |
_a116 p. ; _c24 cm. |
||
| 490 | 1 |
_aMemoires et documents ; _vXXII |
|
| 500 | _aIndice. | ||
| 600 | 1 | 4 |
_aGuenot, Nicolas. _960443 |
| 651 | 4 |
_aFrancia- _xHistoria- _y1789-1799, Revolución _98685 |
|
| 710 | 2 |
_aBibliothèque nationale de France. _92217 |
|
| 830 | 0 |
_aMemoires et documents ; _vXXII _9227803 |
|
| 852 |
_aES-MaACL _jL-13555 _bR.117173 |
||
| 999 |
_c6388 _d6388 |
||